000 00566nam a22001937a 4500
003 MPLRDC
005 20220104202801.0
008 210129b ||||| |||| 00| 0 eng d
020 _a957-0411-69-4
082 _a536.51 NEI
100 _a约翰·内哈特 JOHN G. NEIHARDT 记述; NICHOLAS BLACK ELK 口述
245 _a黑麋鹿如是说
_c宾静荪 译
250 _a初版一刷
260 _a台湾
_b立绪文化事业有限公司
_c2003
300 _b
520 _a新书上架 2018-06-16。
650 _a印第安族志
942 _cBK
_o536.51 NEI
999 _c67812
_d67802